[Event "Marmaris Karya-14 IM 2022"]
[Site "Icmeler-Marmaris"]
[Date "2022.01.31"]
[Round "1.1"]
[White "Boshra, Alshaeby"]
[Black "Rasulov, Vugar"]
[Result "0-1"]
[WhiteElo "1974"]
[BlackElo "2453"]
[Annotator "TA"]
[PlyCount "82"]
[EventDate "2022.02.01"]
[EventType "schev"]
[EventCountry "TUR"]
[SourceTitle "playchess.com"]
[Source "ChessBase"]
[SourceQuality "1"]

{[%evp 9,82,22,45,14,29,20,35,32,39,25,39,23,46,39,40,53,47,49,46,47,72,29,54,66,59,41,48,39,78,75,65,62,75,14,19,14,38,16,21,21,20,0,54,57,46,31,31,34,46,42,77,52,75,81,84,70,52,34,34,9,41,-50,-57,-79,-76,-274,-274,-277,-277,-1649,-1591,-1404,-1357,-29983,-29984]} 1. e4 d5 2. exd5 Qxd5 3. Nc3 Qa5 4. g3 Nf6 5. Bg2 c6 6. d4 {B01: Scandinavian Defence.} Bg4 7. Nf3 e6 8. h3 {White is slightly better.} Bh5 9. O-O Nbd7 10. Bd2 {[#]} Bb4 $146 (10... Be7 {seems wilder.} 11. Re1 O-O 12. Ne2 Qb6 13. g4 Bg6) ({Predecessor:} 10... Qc7 11. Bf4 Bd6 12. Ne2 O-O 13. Bxd6 Qxd6 14. Nf4 Rad8 15. Nxh5 Nxh5 16. Qe2 Nhf6 {½-½ (56) Huwa,W (2155)-Wolf,A (1860) Germany 2005}) 11. a3 Bxc3 12. Bxc3 Qc7 13. Bd2 {[%cal Bc3d2,Bd2f4,Bf4g5][%mdl 32]} O-O 14. Re1 Rad8 15. Qc1 ({White should play} 15. Bf4 $16 Qb6 16. g4) 15... Rfe8 16. g4 Bg6 17. Bf4 Qc8 18. Nh4 Nb6 19. Nxg6 hxg6 20. c3 a5 21. b4 (21. Bg3 $16) 21... Nc4 $11 22. Bg5 Qc7 23. Bf1 b5 24. Bxc4 bxc4 25. Re3 Ra8 (25... axb4 $11 26. axb4 Ra8) 26. Bxf6 $14 gxf6 27. Qf1 $1 axb4 28. cxb4 Red8 29. Qxc4 Ra4 30. Rd1 Qa7 31. Rdd3 Rd6 32. Qc5 Qd7 {[%cal Oe6e5]} 33. Qc2 Ra7 {[%cal Ba4a7,Ba7b7,Bb7b4,Bb4b1][%mdl 32]} 34. Qd1 Rd5 35. a4 (35. Qf3 $14) 35... Qd6 $15 36. Qb3 Rb7 37. Rc3 $2 {This move loses the game for White.} (37. a5 $17 {keeps fighting.}) 37... Rxb4 $19 ({Inferior is} 37... Rxd4 38. b5 cxb5 39. axb5 $17 (39. Rc8+ Kg7 $17)) 38. Qc2 Rdxd4 {[#] Hoping for ...Rd1+.} 39. Rxc6 $2 (39. Red3) 39... Rd1+ 40. Kg2 Qd5+ 41. Rf3 Rbb1 {Weighted Error Value: White=0.58/Black=0.11 (very precise)} ({Weaker is} 41... Rf4 42. Qxd1 Rxg4+ 43. hxg4 $11) 0-1

[Event "Marmaris Karya-14 IM 2022"]
[Site "Icmeler-Marmaris"]
[Date "2022.01.31"]
[Round "1.2"]
[White "Haussernot, Cecile"]
[Black "Mammadov, Zaur"]
[Result "0-1"]
[WhiteElo "2188"]
[BlackElo "2417"]
[Annotator "TA"]
[PlyCount "92"]
[EventDate "2022.02.01"]
[EventType "schev"]
[EventCountry "TUR"]
[SourceTitle "playchess.com"]
[Source "ChessBase"]
[SourceQuality "1"]

{[%evp 11,92,0,34,16,31,26,27,28,29,29,36,17,19,-7,-17,-22,-18,-20,-12,-49,-43,-84,-59,-52,-44,-124,-116,-125,-91,-155,0,0,183,0,0,0,26,41,75,0,0,-195,15,12,15,21,48,0,0,0,35,37,36,39,84,-4,138,0,0,0,0,0,303,8,8,6,47,-9,-3,-4,-14,-16,0,0,0,-1040,-1031,-5064,-4954,-4875,-4678,-5047,-1709]} 1. e4 e6 2. d4 d5 3. Nc3 Nf6 4. e5 Nfd7 5. f4 c5 6. Nf3 Qb6 7. Na4 {C11: French: Classical System: 4 e5 and 4 Bg5 dxe4.} Qa5+ 8. c3 cxd4 9. b4 {White has an edge.} (9. Qxd4 $2 b5 10. Qd3 bxa4 $19) 9... Qc7 10. Nxd4 a6 11. Bd2 Nc6 {[#]} 12. Nxc6 $146 ({Predecessor:} 12. Be2 b5 13. Nb2 Nxd4 14. cxd4 Qa7 15. Bc3 a5 16. Nd3 Nb6 17. Nc5 Nc4 18. O-O Bxc5 19. bxc5 {0-1 (64) Alekseenko,K (2639)-Morozevich,A (2656) Sochi 2018}) 12... Qxc6 13. Rc1 b5 {Prevents c4.} 14. Nb2 Nb6 15. Bd3 Bb7 16. Qf3 (16. Be2 $15 {deserves consideration.}) 16... a5 17. O-O Nc4 18. Rc2 (18. Bxc4 $15 bxc4 19. a4) 18... axb4 $17 19. cxb4 Qb6+ (19... Rxa2 $2 20. Nxc4 dxc4 21. Qxc6+ Bxc6 22. Rxa2 $18) 20. Kh1 (20. Qf2 $142 Qxf2+ 21. Kxf2) 20... Rxa2 $2 (20... Nxd2 $17 21. Rxd2 Bxb4) 21. f5 $1 $11 {[%cal Of5e6] And now fxe6! would win.} Nxe5 $2 (21... Nxd2 $11 22. Rxd2 Bxb4) 22. Qe2 $2 (22. Qg3 $1 $18 {[%cal Rg3e5]} f6 23. fxe6) 22... Nxd3 23. fxe6 fxe6 (23... Nxb2 $2 24. exf7+ Kd7 25. Qe8+ Kd6 26. Bf4#) (23... Nf2+ $5 24. Rxf2 Qxe6 25. Qxb5+ Qd7 $17) 24. Qxd3 d4 25. Qg3 ({White should play} 25. Bg5 $1 $16) 25... Qd6 26. Qf2 (26. Bf4 $1 $11 Qd7 27. Be5) 26... Be7 $2 (26... Qd7 $19 {aiming for ...d3.} 27. Be1 Bd6) 27. Qf7+ (27. Nc4 $2 Qd5 28. Rxa2 Rf8 $19) 27... Kd7 28. Qxg7 Qd5 {[%cal Od4d3] [#] Strongly threatening ...d3! Chess con chili.} 29. Bf4 (29. Bg5 $1 $14 {should be considered.} Re8 30. Bh4) 29... Rc8 30. Rd2 Qf5 {Hoping for ...Rc2.} (30... e5 $5 31. Bg5 (31. Bxe5 $2 Rg8 $19) 31... Re8 $11) 31. Qxd4+ Bd5 {...Rc2 is the strong threat.} 32. Qb6 ({Wrong is} 32. Qg7 $2 Rc2 33. Rxc2 Qxc2 $19) 32... Ke8 {[#]} (32... Rc2 $1 $14 33. Qxb5+ Kc8) 33. Qxb5+ (33. Kg1 $1 $16) 33... Rc6 {[#]} (33... Bc6 $11 {remains equal.} 34. Qxf5 exf5) 34. Qb8+ (34. Kg1 $1 $16 {Threatens to win with Bg3.} Qg6 35. Re1) 34... Bd8 $1 {A strong pair of Bishops.} 35. Rdf2 {[%cal Of4g5]} Rb6 36. Qc8 Ra8 $2 {[%mdl 8192]} (36... Rc6 $1 $11 {and Black has nothing to worry.} 37. Qb8 Rb6) 37. Qc5 $2 (37. Qc1 $18 Qe4 38. Be3) 37... Rc6 38. Qd4 Bf6 (38... Bb6 $1 $11 {feels stronger.} 39. Qh8+ Kf7 40. Qxa8 Bxf2) 39. Qe3 ({White should try} 39. Qd1 $1 $14 Rd8 40. Nd3 Qxd3 41. Qxd3 Bxg2+ 42. Kxg2 Rxd3 43. b5) 39... Rc2 40. Nd3 Rxf2 41. Nxf2 Ra2 42. Bg3 h5 $40 {[%cal Bh7h5,Bh5h4][%mdl 160] White must now prevent ...h4. Black is up to no good.} 43. Rc1 $2 {[%mdl 8192]} (43. h4 $11) 43... h4 $19 {Black is clearly winning.} 44. Rc8+ Kf7 45. Rc7+ Kg6 46. Bf4 e5 {Weighted Error Value: White=0.76/Black=0.43} 0-1

[Event "Marmaris Karya-14 IM 2022"]
[Site "Icmeler-Marmaris"]
[Date "2022.01.31"]
[Round "1.3"]
[White "Ozsakallioglu, Okan"]
[Black "Sibashvili, Giorgi"]
[Result "1/2-1/2"]
[WhiteElo "2179"]
[BlackElo "2398"]
[Annotator "TA"]
[PlyCount "128"]
[EventDate "2022.02.01"]
[EventType "schev"]
[EventCountry "TUR"]
[SourceTitle "playchess.com"]
[Source "ChessBase"]
[SourceQuality "1"]

{[%evp 9,128,0,3,5,2,0,0,4,12,0,0,0,-4,-3,-8,-24,-17,-25,-26,-19,-20,-21,-26,-27,-22,-42,-48,-41,-22,-23,0,-47,-50,-40,-8,0,0,0,0,0,0,0,0,0,0,0,0,0,0,0,0,0,0,0,0,0,0,0,0,0,27,16,18,24,16,16,25,15,18,8,12,14,18,15,75,66,75,50,60,42,43,43,43,43,53,53,53,43,43,43,53,43,43,43,53,53,45,56,60,53,109,56,63,27,27,27,27,27,27,27,33,27,27,27,28,22,27,26,26,8,21]} 1. e4 e5 2. Nf3 Nc6 3. Nc3 Nf6 4. a3 d5 5. exd5 Nxd5 6. Bb5 {C47: Scotch Four Knights and Four Knights with 4 g3.} Nxc3 7. bxc3 Bd6 8. d4 exd4 9. cxd4 O-O 10. O-O Bg4 {With the idea ...Bxf3.} 11. c3 Qf6 12. h3 Bxf3 13. Qxf3 Qxf3 14. gxf3 Ne7 15. Bd3 {[#]} Ng6 $146 ({Predecessor:} 15... c5 16. Be4 cxd4 17. cxd4 Rab8 18. a4 f5 19. Bc2 Ng6 20. Bb3+ Kh8 21. Rd1 Rbd8 {½-½ (40) Plank,F (2198)-Hechl,G (2220) Austria 2012}) 16. Rb1 b6 17. Rb5 Rad8 18. a4 c6 19. Rb3 c5 20. Be3 (20. d5 $11) 20... cxd4 $15 21. cxd4 Nh4 22. Be4 {This bishop pair is nice.} Be7 {Prevents Bg5.} 23. Rd1 f5 24. Bb7 Rd7 25. Bc6 Rd6 26. Rc3 Rfd8 27. f4 Bf6 {[%cal Rf6d4]} 28. Rc4 Ng6 29. Bb5 Ne7 30. Rc7 a5 31. Rdc1 Kf8 32. Rb7 Nd5 33. Bd3 g6 34. Bb5 ({But not} 34. Rxh7 Bg7 35. Be2 Kg8 36. Rxg7+ (36. Rh4 $2 Bf6 $19) 36... Kxg7 $17) 34... h6 (34... Re6 $5 {[%cal Rd5e3]}) 35. Kg2 g5 36. Rc4 Re6 $1 37. Bc1 Nxf4+ 38. Bxf4 gxf4 39. Rcc7 {[#] Strongly threatening Rf7+.} Re7 {To avoid Rf7+} (39... Bxd4 $2 40. Rf7+ Kg8 41. Bc4 $18) 40. Rxe7 Bxe7 $11 {[%mdl 4096] Endgame KRB-KRB} 41. Bd7 Bf6 {[#]} (41... Kf7 $1 $11) 42. d5 $1 $16 Ke7 43. Bb5+ Kf8 44. Rxb6 Bd4 45. Rxh6 Rxd5 46. Kf3 Bc5 47. Rc6 Bb4 48. Kxf4 Bd2+ 49. Kf3 Kg7 50. Bc4 Rd4 51. Ke2 Bb4 52. Bd3 Be7 53. Bc2 Rh4 54. Ra6 Rxh3 (54... Rc4 $14 55. Kd3 (55. Bxf5 Rxa4 56. f3 Ra3 $14) 55... Rf4) 55. Bxf5 (55. Rxa5 $16 f4 56. Bd3) 55... Rh2 56. Rg6+ Kf7 57. Rg3 Bc5 58. Rf3 Ke7 59. Bd3 Kd6 60. Rf5 Rh4 61. Bb5 Rb4 62. Kd3 Rb3+ 63. Kc2 Ra3 64. f3 Bd4 {Weighted Error Value: White=0.05 (flawless) /Black=0.05 (flawless)} 1/2-1/2

[Event "Marmaris Karya-14 IM 2022"]
[Site "Icmeler-Marmaris"]
[Date "2022.01.31"]
[Round "1.4"]
[White "Gunduz, Umut Erdem"]
[Black "Darban, Morteza"]
[Result "1-0"]
[WhiteElo "2252"]
[BlackElo "2261"]
[Annotator "TA"]
[PlyCount "95"]
[EventDate "2022.02.01"]
[EventType "schev"]
[EventCountry "TUR"]
[SourceTitle "playchess.com"]
[Source "ChessBase"]
[SourceQuality "1"]

{[%evp 16,95,31,32,31,29,38,28,42,37,33,13,16,20,13,23,17,0,0,0,0,0,0,0,0,0,62,55,55,37,49,32,93,95,95,102,366,373,358,356,418,456,449,429,666,617,731,730,1485,1566,1165,1121,1055,5588,5675,5675,5173,5097,2075,1959,29977,29977,29980,29982,29987,29985,29985,29981,29981,29982,29982,29983,29983,29984,29984,29985,29985,29986,29986,29987,29996,29997]} 1. e4 c5 2. Nf3 a6 3. c3 d5 4. exd5 Qxd5 5. d4 Nf6 6. Be2 e6 7. O-O Nc6 8. Be3 cxd4 9. Nxd4 Bd7 {B28: Sicilian: 2 Nf3 a6 (O'Kelly Variation).} 10. Bf3 Qd6 11. Nd2 Be7 {White has an edge.} 12. Nc4 Qc7 13. Nb6 Rd8 14. Nxd7 Rxd7 {[#]} 15. Bxc6 $146 ({Predecessor:} 15. Qa4 Ne5 16. Bf4 Bd6 17. Be2 O-O 18. Rfd1 Ng6 19. Bxd6 Rxd6 20. g3 Rfd8 21. Nf3 {½-½ (41) Vysochin,S (2533)-Matuszewski,M (2366) Wroclaw 2012}) 15... bxc6 16. Qa4 {[%csl LRa6,LRc6]} Ng4 {[%csl Gg4][%cal Rc7h2]} 17. g3 {[%cal Od4e6] aiming for Nxe6!} Nxe3 18. fxe3 c5 19. Nf3 {Hoping for Rad1.} O-O 20. Qxa6 Rfd8 ({Better is} 20... c4 $11) 21. Qc4 $1 $14 h6 22. a4 Bg5 23. e4 Be3+ (23... Qb7 $1 $14) 24. Kh1 $16 Qb7 25. b3 g5 $2 {[%mdl 8192] [#] A mistake that costs the game.} (25... Bg5 $16 {was worth a try.}) 26. Rae1 $1 $18 {[%cal Ba1e1,Be1e2,Be2d2,Bd2d8][%mdl 32]} Bd2 27. Re2 Rd3 {[#]} 28. Ne5 $1 (28. Rxd2 Rxd2 29. Nxd2 Rxd2 $14) 28... Rxc3 29. Rxd2 $1 Rxc4 (29... Rxd2 $142 30. Qxc3 Qxe4+ 31. Qf3 (31. Nf3 Rd3 $16) 31... Qxf3+ 32. Rxf3 Rd1+ 33. Kg2 f5) 30. Rxd8+ Kg7 31. Nxc4 Qxb3 32. Ne5 {[%csl Ge5][%cal Rf1f7,Bc4e5,Be5g4,Bg4h6,Bh6f5][%mdl 32]} f5 33. Rd7+ Kf6 34. Ng4+ Kg6 35. exf5+ exf5 36. Rd6+ Kg7 37. Nxh6 Qxa4 38. Nxf5+ {White mates.} Kf7 39. Re1 Kf8 40. Rd8+ Kf7 41. Re7+ Kg6 42. Rf8 Qd1+ 43. Kg2 Qd2+ 44. Kh3 g4+ 45. Kxg4 {[%csl Gf5][%cal Re7g7]} Qd1+ 46. Kh3 Qf1+ 47. Kh4 {[%csl Gf5][%cal Re7g7]} Qc4+ 48. g4 {Weighted Error Value: White=0.03 (flawless) /Black=0.71} 1-0

[Event "Marmaris Karya-14 IM 2022"]
[Site "Icmeler-Marmaris"]
[Date "2022.01.31"]
[Round "1.5"]
[White "Kizilkus, Akin"]
[Black "Ahmad, Al Khatib"]
[Result "1/2-1/2"]
[WhiteElo "2275"]
[BlackElo "2218"]
[Annotator "TA"]
[PlyCount "67"]
[EventDate "2022.02.01"]
[EventType "schev"]
[EventCountry "TUR"]
[SourceTitle "playchess.com"]
[Source "ChessBase"]
[SourceQuality "1"]

{[%evp 13,67,0,6,0,10,19,12,19,13,2,2,14,13,9,12,-2,4,0,0,0,0,-16,0,0,0,-3,0,0,0,0,0,-3,-13,-31,-21,-34,-10,-12,-18,-25,-5,-18,0,-12,0,0,0,0,0,0,0,0,0,0,0,0]} 1. d4 Nf6 2. c4 e6 3. Nc3 Bb4 4. e3 O-O 5. Bd2 d5 6. Nf3 b6 7. cxd5 exd5 8. Bd3 {E51: Nimzo-Indian: Rubinstein: 4...0-0 5 Nf3 d5.} Ba6 9. Bxa6 Nxa6 10. O-O Qc8 11. Rc1 Qb7 12. a3 Be7 {[#]} 13. Ne5 $146 ({Predecessor:} 13. Qb3 Rac8 14. Rc2 c6 15. Ne2 Rb8 16. Rfc1 c5 17. dxc5 bxc5 18. Qxb7 Rxb7 19. Bc3 {1-0 (56) Nguyen,T (2569)-Sadzikowski,D (2527) Zlin 2020}) 13... c5 14. f4 b5 15. dxc5 Nxc5 16. Be1 Nce4 17. Qb3 Bc5 18. Nxe4 Nxe4 19. Rd1 Rad8 20. Bb4 Bxb4 21. Qxb4 Nd6 22. Qc5 Nc4 23. Nxc4 dxc4 24. Rd4 Rxd4 25. Qxd4 $15 {[%mdl 4096] Endgame KQR-KQR} Re8 26. Rd1 g6 27. Kf2 {The position is equal.} a5 28. g3 Rc8 29. Qd5 Qxd5 30. Rxd5 c3 31. bxc3 Rxc3 32. Rxb5 Rxa3 33. Ke2 Ra2+ 34. Kf3 {An interesting draw.  Weighted Error Value: White=0.05 (flawless) /Black=0.05 (flawless)} 1/2-1/2

[Event "Marmaris Karya-14 IM 2022"]
[Site "Icmeler-Marmaris"]
[Date "2022.01.31"]
[Round "2.1"]
[White "Mammadov, Zaur"]
[Black "Boshra, Alshaeby"]
[Result "1-0"]
[WhiteElo "2417"]
[BlackElo "1974"]
[Annotator "TA"]
[PlyCount "59"]
[EventDate "2022.02.01"]
[EventType "schev"]
[EventCountry "TUR"]
[SourceTitle "playchess.com"]
[Source "ChessBase"]
[SourceQuality "1"]

{[%evp 9,59,12,20,10,66,48,46,20,50,43,40,45,47,36,46,26,22,11,34,33,40,11,59,6,6,8,8,8,8,0,0,0,0,0,65,67,145,25,29,28,15,13,37,49,88,95,619,611,858,750,29991,29992]} 1. d4 Nf6 2. Nf3 g6 3. Nbd2 d5 4. e3 Bg7 5. b4 a5 6. b5 {D02: 1 d4 d5 2 Nf3 sidelines, including 2...Nf6 3 g3 and 2...Nf6 3 Bf4.} a4 (6... c5 $11) 7. c4 c6 {[#]} 8. bxc6 $146 {White is slightly better.} ({Predecessor:} 8. Ba3 O-O 9. Be2 Bf5 10. O-O Nbd7 11. Rc1 Re8 12. h3 Qa5 13. g4 Be6 14. Ng5 {0-1 (69) Ezat,M (2411)-Shipov,S (2541) Chess.com INT 2022}) 8... bxc6 9. Bd3 Nbd7 10. Ba3 O-O 11. O-O Re8 12. cxd5 cxd5 13. Qe2 Qa5 14. Rab1 Ba6 15. Rfc1 Bf8 (15... Bxd3 $11 16. Qxd3 e6) 16. Ne1 (16. Bxa6 $14 Qxa6 17. Qxa6 Rxa6 18. Rc7) 16... e5 $11 17. Bxf8 Kxf8 18. dxe5 Nxe5 19. Ndf3 {[%cal Oe2b2]} Nxd3 20. Nxd3 {[%cal Oe2b2]} Ne4 21. Qb2 {To avoid Nc3. Strongly threatening Qh8+.} Kg8 {To avoid Qh8+} ({Better is} 21... Bxd3 $11 22. Qa3+ Kg8 23. Qxd3 Rac8) 22. Nde5 $1 $14 h5 {[#] Prevents Ng4.} ({Black should try} 22... f6 $14 23. Nc6 Qc7) 23. Nc6 (23. Nxf7 $1 $16 {[%mdl 512]} Kxf7 (23... Rac8 24. Rxc8) 24. Rc6 (24. Ne5+ Kg8 $11)) 23... Qc7 $11 {Prevents Rc6.} 24. Nb4 $36 {[%csl LRc7,LRd5][%cal Bc6b4,Bb4d5,Bd5f6][%mdl 2080] White is pushing. Pair of Knights!} Qd8 25. Ne5 a3 26. Qd4 Qf6 {[%csl LRe5,LRf2]} 27. f4 Qh4 $2 {[%mdl 8192]} (27... Rxe5 $16 28. Qxe5 Qxe5 29. fxe5 Bc4) 28. Nxd5 $18 {Hoping for Nxg6.} Qf2+ 29. Kh1 {Nxg6 is the strong threat.} Nd2 30. Nf6+ {Weighted Error Value: White=0.19 (very precise) /Black=0.67} 1-0

[Event "Marmaris Karya-14 IM 2022"]
[Site "Icmeler-Marmaris"]
[Date "2022.01.31"]
[Round "2.2"]
[White "Sibashvili, Giorgi"]
[Black "Haussernot, Cecile"]
[Result "1-0"]
[WhiteElo "2398"]
[BlackElo "2188"]
[Annotator "TA"]
[PlyCount "61"]
[EventDate "2022.02.01"]
[EventType "schev"]
[EventCountry "TUR"]
[SourceTitle "playchess.com"]
[Source "ChessBase"]
[SourceQuality "1"]

{[%evp 22,61,48,46,72,84,83,75,81,93,118,105,119,37,123,114,87,8,145,122,122,122,240,252,331,270,337,340,337,330,334,327,335,333,324,335,581,255,261,248,339,303]} 1. d4 Nf6 2. c4 e6 3. Nc3 c5 4. d5 exd5 5. cxd5 d6 6. e4 g6 7. f4 Bg7 8. Bb5+ Nfd7 9. a4 O-O 10. Nf3 Na6 11. O-O Nc7 12. Bd3 b6 {A67: Modern Benoni: Taimanov Variation.} 13. Re1 Re8 14. Be3 Ba6 {White is better.} 15. Bf2 {[%cal Be3f2,Bf2g3,Bg3h4][%mdl 32]} Rb8 16. Bg3 Nf6 17. e5 (17. Bh4 $16) 17... Nh5 (17... Bxd3 $2 18. exf6 Rxe1+ 19. Bxe1 $18) ({Black should play} 17... dxe5 $1 $14 18. d6 (18. Bxa6 e4 $16) 18... exf4 19. dxc7 Qxc7 20. Bxa6 fxg3) 18. Bxa6 $16 {White is more active.} Nxa6 19. Qd2 (19. Bh4 $16 Qd7 20. Ne4) 19... Nb4 {[#]} (19... Nxg3 $11 20. hxg3 Nb4) 20. Bh4 $146 ({Predecessor:} 20. Re4 Qd7 21. Rae1 Nxg3 22. hxg3 dxe5 23. fxe5 Rbd8 24. d6 f6 25. exf6 Bxf6 26. Rxe8+ Rxe8 27. Rxe8+ Qxe8 {1-0 (36) Sasikiran,K (2694)-Leon Hoyos,M (2535) Beijing 2008}) 20... Qd7 21. h3 dxe5 (21... Bh6 $16) 22. fxe5 $18 ({Not} 22. Nxe5 Qf5 $11) 22... Qf5 {[#]} 23. Re4 $1 Rxe5 24. Nxe5 Bxe5 25. Rf1 ({Less strong is} 25. Rae1 Bd4+ 26. Rxd4 cxd4 27. Qxd4 Nc2 $16) 25... Bxc3 26. Qe2 {Really sharp!} Bd4+ {[#]} 27. Rxd4 $1 {[%mdl 512]} Qd7 28. Rd2 Re8 $2 (28... Ng7 29. g4 Re8) 29. Qf3 (29. Qb5 $142 Qxb5 30. axb5) 29... Ng7 30. g4 {Inhibits Nf5.} h6 31. Bf6 {Weighted Error Value: White=0.34/Black=0.57} 1-0

[Event "Marmaris Karya-14 IM 2022"]
[Site "Icmeler-Marmaris"]
[Date "2022.01.31"]
[Round "2.3"]
[White "Darban, Morteza"]
[Black "Ozsakallioglu, Okan"]
[Result "1-0"]
[WhiteElo "2261"]
[BlackElo "2179"]
[Annotator "TA"]
[PlyCount "131"]
[EventDate "2022.02.01"]
[EventType "schev"]
[EventCountry "TUR"]
[SourceTitle "playchess.com"]
[Source "ChessBase"]
[SourceQuality "1"]

{[%evp 9,131,4,20,20,24,21,24,19,37,45,14,24,60,-6,32,25,26,34,19,0,22,-20,-15,-16,-23,-22,-19,-26,-22,-33,-44,-74,-69,-83,-8,-18,-21,-16,-17,-25,-42,-146,-149,-154,-148,-147,-155,-143,-119,-114,-156,-179,-159,-205,-196,-250,-176,-197,-183,-239,-207,-262,-81,-82,-71,-288,-276,-351,-347,-462,-436,-859,-238,-245,-245,-245,-245,-245,-238,-238,-238,-238,-80,-80,-80,-80,-80,-80,-80,-80,-35,-80,0,0,0,0,0,0,0,0,0,0,0,0,0,-7,-7,-243,0,0,274,274,851,849,831,738,877,853,891,759,897,815,29983,29984]} 1. e4 c5 2. Nf3 e6 3. g3 Nc6 4. Bg2 Nf6 5. Qe2 d5 6. exd5 {B40: Sicilian: 2...e6, Unusual lines.} Nxd5 7. O-O Be7 8. Rd1 {White has an edge.} Bf6 {Inhibits d4.} 9. Nc3 O-O 10. Ne4 Nd4 {[#]} 11. Qc4 $146 (11. Nxd4 $14 cxd4 12. c4) ({Predecessor:} 11. Nxd4 cxd4 12. c4 Nb4 13. Nxf6+ Qxf6 14. d3 a5 15. Bf4 Qg6 16. a3 Nc6 17. b4 axb4 18. axb4 Rxa1 19. Rxa1 {1-0 (47) Shubin,K (2429)-Klekowski,M (2506) Chess.com INT 2020}) 11... b6 12. Nxf6+ Qxf6 13. Nxd4 cxd4 14. Qa4 {Inhibits Bd7.} a6 15. c4 {[#] Prevents b5.} (15. c3 $142) 15... b5 $1 $11 16. cxb5 Bd7 17. d3 axb5 18. Qb3 b4 {White must now prevent ...Ba4.} 19. a4 (19. Bxd5 exd5 20. Re1 Qf3 $17) 19... bxa3 {Strongly threatening ...Ba4.} 20. Rxa3 Rab8 21. Qc2 Nb4 (21... Rfc8 $17 22. Qe2 Bc6) 22. Qc7 {[#]} Bc6 23. Bxc6 Rfc8 24. Qd6 Nxc6 25. Ra6 (25. Bf4 $15) 25... Qf3 $17 26. Rf1 Nb4 $36 {[%mdl 2048] Keeping White busy.} 27. Ra3 Nc2 28. Ra7 Qxd3 29. Bf4 {And now Qd7 would win.} Rf8 30. Qe7 Rbe8 31. Qb7 (31. Qc7 $17) 31... e5 $19 32. Bg5 Qf5 33. Be7 Rb8 34. Qd5 (34. Qd7 $142 Qxd7 35. Rxd7) 34... Rfe8 35. b4 Nxb4 $2 (35... h5 $19 {is more deadly.} 36. Rc7 Nxb4 37. Bxb4 Rxb4) 36. Bxb4 $17 Rxb4 37. Qc6 (37. Ra8 $17 Rbb8 38. Rxb8 Rxb8 39. Re1) 37... Rbb8 38. Rd7 h5 39. h4 Re6 40. Qc5 (40. Qd5 $142) 40... Qe4 $2 (40... Rb1 41. Rd6 Rxd6 42. Qxd6 Rxf1+ 43. Kxf1 Qb1+ 44. Kg2 Qe4+ 45. Kg1 d3 46. Qd8+ Kh7) 41. Rxf7 $19 Kxf7 42. Qc7+ Kg6 {( -> ...Reb6)} 43. Qxb8 {[%mdl 4096] Endgame KQR-KQR} Qf5 44. Qd8 Kh7 {Threatens to win with ...Qf3.} 45. Qd5 Rf6 $2 (45... Rb6 $19 {Hoping for ...Rb2.} 46. Kg2 Rf6) 46. Kg2 $17 Kg6 47. f3 e4 $1 48. Qxd4 exf3+ 49. Kh2 {[#]} Re6 ({Black should play} 49... Kh7 $1 $17) 50. Rf2 $1 $15 {[#]} Re2 ({Better is} 50... Re8 $1 $17) 51. Rxe2 $1 $11 fxe2 {KQ-KQ} 52. Qe3 Qc2 53. Qg5+ Kf7 54. Qxh5+ Ke6 55. Qe8+ Kd5 56. Qf7+ Kc6 57. Qe6+ Kb5 58. Kh3 $2 (58. Qd7+ $11 Kb4 59. Qd6+ Ka5 60. Qd8+ Ka4 61. Qe8+ Ka3 62. Qe3+ Kb2 63. Kh3) 58... Qd3 $2 ({Black should try} 58... Qd2 $19 59. Qe8+ Kb4 60. Qe7+ Kc4 61. Qe4+ Kc5 62. Qe7+ Kc4 63. Qc7+ Kb3 64. Qb7+ Kc2 65. Qe4+ Kb3 66. Qe6+ Kb2 67. Qe5+ Kc2 68. Qe4+ Kb3 69. Qe6+ Kb2 70. Qe5+ Kc2 71. Qe4+) 59. Kg2 Qc2 $2 {[%mdl 8192]} (59... Qd2 $11 {and Black is okay.} 60. Qb3+ Kc6 61. Qf3+ Kd6 62. Qf8+ Kd7 63. Qf7+ Kd8 64. Qg8+ Kc7 65. Qxg7+ Kd8 66. Qg8+ Kd7 67. Qg7+ Ke6 68. Qg6+ Ke5 69. Qg7+ (69. Qe8+ Kd4 $11) 69... Kf5 70. Qf7+ Ke5 71. Qg7+ Ke4 72. Qg6+ (72. Qe7+ Kd4 $11) 72... Kd5 73. Qg8+ Ke5 74. Qg7+ (74. Qe8+ Kd4 $11)) 60. Kf2 $18 Qh7 $2 (60... Ka5 61. Qe5+ (61. Qxe2 Qf5+ 62. Kg2 Qd5+ 63. Kh3 Qf5+ 64. g4 Qf4 $16) 61... Ka4 62. Qxg7 (62. Qxe2 Qc7 $16) 62... Qf5+ 63. Kxe2 Qe4+ 64. Kf2 Qc2+ 65. Kg1 Qd1+ 66. Kg2 Qe2+ 67. Kh3 Qf1+ 68. Kg4 Qd1+ 69. Kg5 Qd5+ 70. Kh6 Qe6+ 71. Qg6 Qe3+ 72. Qg5 Qe6+ 73. Qg6 Qe3+ 74. Qg5 Qe6+ 75. Kh5 Qe8+ 76. Qg6 Qe5+ 77. Kg4 Qe2+ 78. Kg5 Qe3+ 79. Kf6 Qd4+ 80. Ke7 Qe5+ 81. Kf8 Qd4) 61. Kxe2 Kc5 62. Kf3 Kd4 63. Qd6+ Kc4 64. Kf4 Qg8 65. Kg5 Qf7 66. Qf4+ {Quite a comeback for White.  Weighted Error Value: White=0.34/Black=0.56} 1-0